| 000 | 01539nam0a2200313 4500 | ||
|---|---|---|---|
| 001 | RU\NLR\bibl\1089209 | ||
| 005 | 20260408201536.0 | ||
| 010 | _a5-94100-035-9 | ||
| 021 |
_aRU _b2007-24438 _91290 |
||
| 035 | _a(NLR Aleph) 001076361 | ||
| 090 |
_a1030753 _c1030753 |
||
| 100 | _a20070521d2005 u y0rusy50 ca | ||
| 101 | 0 | _arus | |
| 102 | _aRU | ||
| 105 | _aa ||||||||| | ||
| 200 | 1 |
_aОсновные тенденции развития банковских систем стран СНГ _fМеждунар. координац. совет банк. ассоц. стран Содружества Независимых Государств, Центр. и Вост. Европы (междунар. банк. совет) |
|
| 210 |
_aСочи _cИзд-во Международного Института рекламы _d2005 |
||
| 215 |
_a146 с. _cил. _d30 |
||
| 320 | _aБиблиогр. в подстроч. прим. | ||
| 606 |
_aБанковская система _yСтраны СНГ _92478569 _3RU\NLR\AUTH\661471534 |
||
| 686 | _aУ26(2)210 | ||
| 712 | 0 | 2 |
_4570 _aМеждународный координационный совет банковских ассоциаций стран Содружества Независимых Государств, Центральной и Восточной Европы _9699120 _3RU\NLR\AUTH\8810099057 |
| 801 | 0 |
_aRU _bNLR _c20070521 _gRCR |
|
| 801 | 1 |
_aRU _bNLR _c20070521 |
|
| 942 | _cBOOK | ||
| 980 | _aNB | ||
| 980 | _aNBR | ||